Olivia Dean - Chansons de l'album The Art of Loving - Statistiques

Statistiques générales
  • Ce quiz a été pris 9 fois
  • Le résultat moyen est 11 sur 12
Statistiques - réponses
Hint Réponse % Correct
The Art of Loving2 11 A Couple Minutes
100%
The Art of Loving2 10 Baby Steps
100%
The Art of Loving 3 Lady Lady
100%
The Art of Loving2 7 Man I Need
100%
The Art of Loving 5 So Easy (To Fall in Love)
100%
The Art of Loving 1 The Art of Loving (Intro)
100%
The Art of Loving 4 Close Up
86%
The Art of Loving2 12 I've Seen It
86%
The Art of Loving2 9 Loud
86%
The Art of Loving 2 Nice to Each Other
86%
The Art of Loving 6 Let Alone the One You Love
71%
The Art of Loving2 8 Something Inbetween
71%
Aucun quiz correspondant
Distribution des résultats
% des personnes avec chaque résultat
Percentile par nombre de réponses
Votre historique - résultats
Vous n’avez pas pris ce quiz